Účtovanie platieb platobnými kartami v jednoduchom účtovníctve

Platba bankovou platobnou kartou je v súčasnosti jednoduchý a pohodlný spôsob platby, ktorý je rozšírený aj u podnikajúcich fyzických osôb. Platobnú kartu využíva podnikateľ najčastejšie ako bezhotovostnú platbu pri peňažnej úhrade za tovar, materiál alebo za služby. Rozdiel medzi debetnou a kreditn...

Descrizione completa

Salvato in:
Dettagli Bibliografici
Autore principale: Strählová, Jarmila
Natura: Capitolo di libro
Lingua:slovacco
Soggetti:
Tags: Aggiungi Tag
Nessun Tag, puoi essere il primo ad aggiungerne!!

MARC

LEADER 00000naa a2200000 4500
001 0248471
005 20221104110919.1
041 0 |a slo 
044 |a SK 
245 1 0 |a Účtovanie platieb platobnými kartami v jednoduchom účtovníctve  |c Jarmila Strählová 
520 |a Platba bankovou platobnou kartou je v súčasnosti jednoduchý a pohodlný spôsob platby, ktorý je rozšírený aj u podnikajúcich fyzických osôb. Platobnú kartu využíva podnikateľ najčastejšie ako bezhotovostnú platbu pri peňažnej úhrade za tovar, materiál alebo za služby. Rozdiel medzi debetnou a kreditnou platobnou kartou. Účtovanie platieb platobnými kartami v jednoduchom účtovníctve. 
610 2 0 |a účtovníctvo jednoduché 
610 2 0 |a karty platobné 
610 2 0 |a styk platobný bezhotovostný 
610 2 0 |a účty bežné 
610 2 0 |a účtovanie 
100 1 |a Strählová, Jarmila